| 000 | 00428nam a2200157Ia 4500 | ||
|---|---|---|---|
| 008 | 220216s9999 xx 000 0 und d | ||
| 100 | _aRoberts A D | ||
| 245 | 0 | _aSurface treatments to reduce friction: Rubber glove applications | |
| 260 |
_bProc. Conf. ACS., Las Vegas _c1990 |
||
| 500 | _aSource Year: 1992 | ||
| 650 | _aGloves | ||
| 650 | _aSurface treatment | ||
| 700 | _aBrackley C A | ||
| 856 | _uIRRDB | ||
| 942 | _cJS | ||
| 999 |
_c70020 _d70020 |
||